Television in Africa in the digital age (Record no. 3798)

MARC details
000 -LEADER
fixed length control field 00408nam a22001337a 4500
008 - FIXED-LENGTH DATA ELEMENTS--GENERAL INFORMATION
fixed length control field 250605b |||||||| |||| 00| 0 eng d
020 ## - INTERNATIONAL STANDARD BOOK NUMBER
ISBN 9783030688530
245 ## - TITLE STATEMENT
Title Television in Africa in the digital age
260 ## - PUBLICATION, DISTRIBUTION, ETC. (IMPRINT)
Place of publication Switzerland
Name of publisher Palgrave McMillan
Date of publication 2021
300 ## - COLLATION
Pagination 295p
650 ## - TRACINGS
Main Subject Mass media and international relations
Subdivision (1st) Foreign news- political aspects
942 ## - ADDED ENTRY ELEMENTS (KOHA)
Item type Books
050 ## - LIBRARY OF CONGRESS CALL NUMBER
Classification number PN 4736
Item number .T 45
Holdings
Source of classification or shelving scheme Not for loan Permanent location Current location Date acquired Accession No. Full call number Barcode. Koha item type
Library of Congress Classification   Samuel Ogbemudia Main Library, University of Abuja Samuel Ogbemudia Main Library, University of Abuja 06/05/2025 2022/60124 PN 4736.T 45 2025-2407 Books